<?xml version="1.0" encoding="UTF-8"?><?xml-stylesheet type="text/xsl" href="static/style.xsl"?><OAI-PMH xmlns="http://www.openarchives.org/OAI/2.0/" xmlns:xsi="http://www.w3.org/2001/XMLSchema-instance" xsi:schemaLocation="http://www.openarchives.org/OAI/2.0/ http://www.openarchives.org/OAI/2.0/OAI-PMH.xsd"><responseDate>2026-04-29T04:09:26Z</responseDate><request verb="GetRecord" identifier="oai:repisalud.isciii.es:20.500.12105/4758" metadataPrefix="marc">https://repisalud.isciii.es/rest/oai/request</request><GetRecord><record><header><identifier>oai:repisalud.isciii.es:20.500.12105/4758</identifier><datestamp>2025-05-26T15:01:46Z</datestamp><setSpec>com_20.500.12105_2052</setSpec><setSpec>com_20.500.12105_2051</setSpec><setSpec>col_20.500.12105_19614</setSpec></header><metadata><record xmlns="http://www.loc.gov/MARC21/slim" xmlns:dcterms="http://purl.org/dc/terms/" xmlns:doc="http://www.lyncode.com/xoai" xmlns:xsi="http://www.w3.org/2001/XMLSchema-instance" xsi:schemaLocation="http://www.loc.gov/MARC21/slim http://www.loc.gov/standards/marcxml/schema/MARC21slim.xsd">
   <leader>00925njm 22002777a 4500</leader>
   <datafield ind2=" " ind1=" " tag="042">
      <subfield code="a">dc</subfield>
   </datafield>
   <datafield ind2=" " ind1=" " tag="720">
      <subfield code="a">Ruiz, Miguel A</subfield>
      <subfield code="e">author</subfield>
   </datafield>
   <datafield ind2=" " ind1=" " tag="720">
      <subfield code="a">Heras-Mendaza, Felipe</subfield>
      <subfield code="e">author</subfield>
   </datafield>
   <datafield ind2=" " ind1=" " tag="720">
      <subfield code="a">Alomar, Agusti</subfield>
      <subfield code="e">author</subfield>
   </datafield>
   <datafield ind2=" " ind1=" " tag="720">
      <subfield code="a">Conde-Salazar, Luis</subfield>
      <subfield code="e">author</subfield>
   </datafield>
   <datafield ind2=" " ind1=" " tag="720">
      <subfield code="a">de la Cuadra, Jesús</subfield>
      <subfield code="e">author</subfield>
   </datafield>
   <datafield ind2=" " ind1=" " tag="720">
      <subfield code="a">Serra, Esther</subfield>
      <subfield code="e">author</subfield>
   </datafield>
   <datafield ind2=" " ind1=" " tag="720">
      <subfield code="a">Regalado, Francisco</subfield>
      <subfield code="e">author</subfield>
   </datafield>
   <datafield ind2=" " ind1=" " tag="720">
      <subfield code="a">Halbach, Ralf</subfield>
      <subfield code="e">author</subfield>
   </datafield>
   <datafield ind2=" " ind1=" " tag="720">
      <subfield code="a">GEIDAC Group (Grupo Español para la Investigación de la Dermatitis de Contacto y Alergia Cutánea)</subfield>
      <subfield code="e">author</subfield>
   </datafield>
   <datafield ind2=" " ind1=" " tag="260">
      <subfield code="c">2010-12</subfield>
   </datafield>
   <datafield ind2=" " ind1=" " tag="520">
      <subfield code="a">Objective: To develop a self-administered short questionnaire to assess patient satisfaction with medical treatment for hand eczema (dermatitis) with good psychometric properties. Method: The content of the questionnaire was determined on the basis of clinical consultation with groups of patients, from studying the existing instruments, and from discussions with a panel of seven experts. A first draft version containing 38 items organised in six dimensions was tested on a pilot sample of patients to assess its legibility. The extended version was then tested on a sample of 217 patients of both genders enrolled at 18 hospitals representative of the national distribution. The questionnaire was supplied together with the Morisky-Green compliance questionnaire, the health-related quality of life (HRQL) SF-12 questionnaire, and a visual analogue scale (VAS) of perceived health status to assess concurrent validity. The dimensionality was reduced by means of exploratory factor analysis, and reliability was evaluated on the basis of internal consistency and two halves reliability estimates. Item discriminant capability and questionnaire discriminant validity with respect to known groups of patients (by gender, principal diagnosis, age, disease severity and treatment) were also assessed. Results: The reduction and validation sample was composed of 54% women and 46% men, of various educational levels with an average age of 43 years (SD = 13.7). Of those who responded, 26% were diagnosed with hyperkeratotic dermatitis of the palms and 27% of the fingertips, and 47% with recurring palmar dyshidrotic eczema. The questionnaire was shortened to a version containing 17 items grouped in six dimensions: effectiveness, convenience, impact on HRQL, medical follow-up, side effects, and general opinion. Cronbach's alpha coefficient reached a value of 0.9. The dimensions showed different degrees of correlation, and the scores had a normal distribution with an average of 58.4 points (SD = 18.01). Treatment satisfaction scores attained correlations between 0.003 and 0.222 with the HRQL measures, and showed higher correlations with the effectiveness (r = 0.41) and tolerability (0.22) measures, but very low correlation with compliance (r = 0.015). Significant differences were observed between some diagnoses and treatments. Conclusions: The shortened questionnaire proved to have good psychometric properties, providing excellent reliability, satisfactorily reproducing the proposed structure and supplying evidence of validity.</subfield>
   </datafield>
   <datafield ind1="8" ind2=" " tag="024">
      <subfield code="a">Health Qual Life Outcomes. 2010; 8:127</subfield>
   </datafield>
   <datafield ind1="8" ind2=" " tag="024">
      <subfield code="a">http://hdl.handle.net/20.500.12105/4758</subfield>
   </datafield>
   <datafield ind1="8" ind2=" " tag="024">
      <subfield code="a">10.1186/1477-7525-8-127</subfield>
   </datafield>
   <datafield ind1="8" ind2=" " tag="024">
      <subfield code="a">1477-7525</subfield>
   </datafield>
   <datafield ind1="8" ind2=" " tag="024">
      <subfield code="a">Health and Quality of Life Outcomes</subfield>
   </datafield>
   <datafield ind2="0" ind1="0" tag="245">
      <subfield code="a">Development and validation of a questionnaire on 'Satisfaction with dermatological treatment of hand eczema' (DermaSat)</subfield>
   </datafield>
</record></metadata></record></GetRecord></OAI-PMH>